L'Alsace en images - Statistiques

Statistiques générales
  • Ce quiz a été pris 374 fois
  • Le résultat moyen est 13 sur 18
Statistiques - réponses
Par images Hint Réponse % Correct
Pâtisserie briochée Bretzel
98%
Animal Cigogne blanche
96%
Tradition du XVe siècle Sapin de noël
96%
Ville Strasbourg
96%
Fleuve Rhin
95%
Plat Tarte flambée
90%
Ville Colmar
88%
Entreprise Kronenbourg
84%
Massif Les Vosges
83%
Fromage Munster
78%
Club Racing Club de Strasbourg
69%
Château fort Château du Haut-Koenigsbourg
60%
Brioche Mannele
60%
Plat Spätzles
57%
Biscuit Bredele
56%
Point culminant Le Grand ballon
43%
Handballeur Thierry Omeyer
38%
Ville Fessenheim
35%
Aucun quiz correspondant
Distribution des résultats
% des personnes avec chaque résultat
Percentile par nombre de réponses
Votre historique - résultats
Vous n’avez pas pris ce quiz